01303nac a22003611i 4500003000900000005001700009008004100026020001500067020001800082040004300100041001300143082002600156100004100182240004000223245005800263250004500321264003500366264001000401300004600411336002600457337002800483338002700511500002000538546006100558650005000619651005500669653001100724655001700735700002800752942001200780999001500792952013400807EG-ScBUE20221219105848.0221219t1999 gw a f 001 0 eng d a3895082422 a9783895082429 aEG-ScBUEbengerdacEG-ScBUEdEG-ScBUE1 aenghita04a728.84094531bMUR2221 aMuraro, Michelangelo, eauthor.10aCivita delle ville venete.lEnglish10aVenetian villas /cMichelangelo Murano, Paolo Marton. aSecond revised English language edition. 1aCologne :bKönemann,c[1999] 4cc1999 a358 pages :bcolor illustrations ;c34 cm 2rdacontentatextbtxt 2rdamediaaunmediatedbn 2rdacarrieravolumebnc aIncludes index. aText in English ; translated from the original Italian.  7aArchitecture, DomesticzItalyzVenice.2BUEsh 7aVenice (Italy)xBuildings, structures, etc.2BUEsh bENGARC vReading book1 aMarton, Paolo,eauthor. cBB2ddc c7826d7826 00104070aMAINbMAINc2NDd2008-02-12ePurchasel2o728.84094531MURp000009479r2025-07-15 00:00:00s2010-06-15w2008-02-07yBB